000 00191 a2200097 4500
001 12027
100 _aLockhart,B
245 _aRetreat from g
260 _a
_bPutnam
_c
090 _c9279
_d9279
942 _aNUST-CAE
_cM
_c36132
999 _c247100
_d247100